000 00531nam a2200193 4500
001 17584
005 20230410101823.0
008 060907n2003 dr spa
020 _a0965018504
035 _9funglode17720
041 _aES
050 1 4 _a117 JL 1058 B361e 2003
100 _aBayron Toro, Fernando
245 1 _aElecciones y partidos polĂ­ticos de Puerto Rico 1809-2000 /
_cFernando Bayron Toro
250 _a6
260 _aMayaguez :
_bEditorial Isla,
_c2003
300 _aix, 449 p.
942 _2lcc
_cbk
999 _c14632
_d14632